[Event "Leipzig VfB op 24th"]
[Site "Leipzig"]
[Date "2017.03.25"]
[Round "9"]
[White "Didt, Hartmut"]
[Black "Franke, Helmut"]
[Result "1-0"]
[WhiteElo "1801"]
[BlackElo "1823"]
[PlyCount "55"]
[EventDate "2017.03.21"]
[EventType "swiss"]
[EventRounds "9"]
[EventCountry "GER"]
[SourceTitle "EXT 2018"]
[Source "ChessBase"]
[SourceDate "2017.10.13"]
[SourceVersion "1"]
[SourceVersionDate "2017.10.13"]
[SourceQuality "1"]

1. e4 c5 2. d4 cxd4 3. c3 dxc3 4. Nxc3 d6 5. Bc4 Nf6 6. Nf3 e6 7. 0-0 Be7 8. Qe2 0-0 9. Rd1 Qa5 10. Bf4 Rd8 11. Rac1 a6 12. Bb3 Qh5 13. Na4 Nc6 14. Nb6 Rb8 15. Bg3 Qa5 16. Nc4 Qb4 17. h3 b5 18. Nxd6 Na5 19. Nxf7 Rxd1+ 20. Bxd1 Ra8 21. N7g5 Nc4 22. Bb3 h6 23. e5 Nh5 24. Ne4 Nxg3 25. Nxg3 Nb6 26. Nf5 Kh7 27. N5d4 Bc5 28. a3 1-0

[Event "Leipzig VfB op 21st"]
[Site "Leipzig"]
[Date "2014.03.06"]
[Round "5"]
[White "Franke, Helmut"]
[Black "Rudolph, Juergen"]
[Result "1/2-1/2"]
[WhiteElo "1844"]
[BlackElo "1791"]
[PlyCount "24"]
[EventDate "2014.03.04"]
[EventType "tourn"]
[EventRounds "9"]
[EventCountry "GER"]
[SourceTitle "CBM 159 Extra"]
[Source "ChessBase"]
[SourceDate "2014.04.24"]
[SourceVersion "1"]
[SourceVersionDate "2014.04.24"]
[SourceQuality "1"]

1. e4 e6 2. d4 b6 3. Bd3 Bb7 4. Nf3 c5 5. c3 cxd4 6. cxd4 Nf6 7. e5 Nd5 8. 0-0 Be7 9. Nc3 0-0 10. a3 f5 11. Bc4 Nxc3 12. bxc3 Ba6 1/2-1/2

[Event "GER-ch Seniors 23rd"]
[Site "Halle"]
[Date "2011.08.08"]
[Round "4"]
[White "Schurig, Wilhelm"]
[Black "Franke, Helmut"]
[Result "1/2-1/2"]
[WhiteElo "2019"]
[BlackElo "1865"]
[PlyCount "70"]
[EventDate "2011.08.05"]
[EventType "swiss"]
[EventRounds "9"]
[EventCountry "GER"]
[SourceTitle "CBM 144 Extra"]
[Source "ChessBase"]
[SourceDate "2011.10.28"]
[SourceVersion "1"]
[SourceVersionDate "2011.10.28"]
[SourceQuality "1"]

1. Nf3 g6 2. g3 Bg7 3. Bg2 d5 4. 0-0 f5 5. c4 d4 6. d3 Nf6 7. Bf4 Nc6 8. Qd2 Nh5 9. Bh6 0-0 10. Bxg7 Kxg7 11. b4 Qd6 12. c5 Qf6 13. Na3 a6 14. Nc4 Be6 15. Rac1 Rad8 16. a4 Bxc4 17. Rxc4 e5 18. b5 Ne7 19. c6 axb5 20. axb5 bxc6 21. Rfc1 h6 22. Rc5 e4 23. Ne5 f4 24. Ng4 e3 25. Nxf6 exd2 26. Nxh5+ gxh5 27. Rd1 fxg3 28. hxg3 h4 29. gxh4 Rf4 30. Rxd2 Rxh4 31. bxc6 Rg4 32. f3 Rg6 33. Kf2 Rg8 34. Bh3 Rd6 35. Rc1 Ra8 1/2-1/2

[Event "GER-ch Seniors 23rd"]
[Site "Halle"]
[Date "2011.08.06"]
[Round "2"]
[White "Galicki, Ryszard"]
[Black "Franke, Helmut"]
[Result "0-1"]
[WhiteElo "1986"]
[BlackElo "1865"]
[PlyCount "66"]
[EventDate "2011.08.05"]
[EventType "swiss"]
[EventRounds "9"]
[EventCountry "GER"]
[SourceTitle "CBM 144 Extra"]
[Source "ChessBase"]
[SourceDate "2011.10.28"]
[SourceVersion "1"]
[SourceVersionDate "2011.10.28"]
[SourceQuality "1"]

1. e4 c6 2. d4 d5 3. e5 Bf5 4. Bd3 Bg6 5. Be3 e6 6. h4 Qb6 7. b3 c5 8. c3 Nc6 9. Ne2 0-0-0 10. 0-0 Be7 11. g3 Nh6 12. Nd2 Nf5 13. Nf3 Nxe3 14. fxe3 Rdf8 15. Nf4 Bxd3 16. Qxd3 h6 17. h5 Bg5 18. Ne2 Ne7 19. dxc5 Qxc5 20. Ned4 Qb6 21. a4 g6 22. a5 Qc5 23. hxg6 Nxg6 24. Nxg5 hxg5 25. Nxe6 fxe6 26. b4 Nxe5 27. Qe2 Qc4 28. Qg2 Qd3 29. Rae1 g4 30. Rxf8+ Rxf8 31. Qe2 Nf3+ 32. Kg2 Nxe1+ 33. Qxe1 Rf3 0-1

[Event "GER-ch Seniors 23rd"]
[Site "Halle"]
[Date "2011.08.05"]
[Round "1"]
[White "Franke, Helmut"]
[Black "Andersen, Knut"]
[Result "1/2-1/2"]
[WhiteElo "1865"]
[BlackElo "2093"]
[PlyCount "134"]
[EventDate "2011.08.05"]
[EventType "swiss"]
[EventRounds "9"]
[EventCountry "GER"]
[SourceTitle "CBM 144 Extra"]
[Source "ChessBase"]
[SourceDate "2011.10.28"]
[SourceVersion "1"]
[SourceVersionDate "2011.10.28"]
[SourceQuality "1"]

1. b3 e5 2. Bb2 Nc6 3. g3 Nf6 4. Bg2 d6 5. d3 Be7 6. Nd2 0-0 7. Ngf3 Bd7 8. 0-0 Qc8 9. Nc4 Bh3 10. e4 g6 11. Qd2 Kg7 12. Ne3 Ng8 13. d4 f6 14. d5 Nb8 15. b4 Na6 16. a3 Qd7 17. Kh1 Rac8 18. c4 Bxg2+ 19. Kxg2 f5 20. exf5 gxf5 21. Kh1 Bf6 22. Rg1 Kh8 23. Ng2 c6 24. Ng5 cxd5 25. cxd5 Nc7 26. Rad1 Qe7 27. Ne6 Nxe6 28. dxe6 Rfd8 29. Qd5 Rc6 30. Ne3 Nh6 31. Rgf1 Re8 32. Nc4 Qxe6 33. Nxd6 Qxd5+ 34. Rxd5 Rd8 35. Rfd1 Rc2 36. Bc1 Ng4 37. Nf7+ Kg7 38. Nxd8 Nxf2+ 39. Kg1 Nxd1 40. Rxd1 Bxd8 41. Be3 Rc3 42. Bc5 Bg5 43. Rd7+ Kg6 44. Rxb7 Rxa3 45. Rxa7 Rb3 46. Kg2 Bd2 47. Rb7 Bc3 48. Bf8 e4 49. Rb6+ Kf7 50. Bc5 Rb2+ 51. Kh3 Bd2 52. Rb7+ Kg6 53. Rb6+ Kg5 54. Bd6 Rb3 55. Bf8 f4 56. Rb5+ Kg6 57. Rb6+ Kf7 58. Bh6 fxg3 59. Bxd2 gxh2+ 60. Kxh2 Rb2 61. Kg3 Rxd2 62. Kf4 Rd4 63. b5 Rb4 64. Rb7+ Kg6 65. Rb6+ Kh5 66. Rb7 h6 67. Rb6 e3+ 1/2-1/2

[Event "GER-ch Seniors 22nd"]
[Site "Berlin"]
[Date "2010.08.24"]
[Round "9"]
[White "Mertens, Gottfried"]
[Black "Franke, Helmut"]
[Result "0-1"]
[WhiteElo "1762"]
[BlackElo "1622"]
[PlyCount "66"]
[EventDate "2010.08.16"]
[EventType "swiss"]
[EventRounds "9"]
[EventCountry "GER"]
[SourceTitle "CBM 138 Extra"]
[Source "ChessBase"]
[SourceDate "2010.10.29"]
[SourceVersion "1"]
[SourceVersionDate "2010.10.29"]
[SourceQuality "1"]

1. f4 d5 2. Nf3 Nf6 3. g3 c5 4. Bg2 Nc6 5. d3 Bf5 6. 0-0 Qb6 7. c3 0-0-0 8. Qe1 e6 9. Kh1 Bd6 10. Ng5 Rhf8 11. e4 h6 12. Nxf7 Rxf7 13. exf5 e5 14. fxe5 Nxe5 15. Qd1 Re8 16. a4 Rfe7 17. Na3 a6 18. Nc2 Qc7 19. Ne3 c4 20. dxc4 dxc4 21. Nd5 Nxd5 22. Bxd5 Nd3 23. Be6+ Kb8 24. Qf3 g6 25. Bf4 Bxf4 26. gxf4 gxf5 27. Bxf5 Re3 28. Qd5 Rd8 29. Qg2 Nxf4 30. Rxf4 Qxf4 31. Rf1 Qe5 32. Qg4 Qd5+ 33. Qg2 Qxg2+ 0-1

[Event "GER-ch Seniors 22nd"]
[Site "Berlin"]
[Date "2010.08.21"]
[Round "6"]
[White "Wawrinsky, Ludwig"]
[Black "Franke, Helmut"]
[Result "0-1"]
[WhiteElo "1751"]
[BlackElo "1622"]
[PlyCount "80"]
[EventDate "2010.08.16"]
[EventType "swiss"]
[EventRounds "9"]
[EventCountry "GER"]
[SourceTitle "CBM 138 Extra"]
[Source "ChessBase"]
[SourceDate "2010.10.29"]
[SourceVersion "1"]
[SourceVersionDate "2010.10.29"]
[SourceQuality "1"]

1. e4 d5 2. exd5 Nf6 3. Nc3 Nxd5 4. Bc4 Nxc3 5. Qf3 e6 6. Qxc3 Nd7 7. Nf3 c6 8. 0-0 Nb6 9. Bb3 Nd5 10. Qe5 Rg8 11. c4 Bd6 12. Qe4 Nf6 13. Qc2 g5 14. d4 g4 15. Ne5 Qc7 16. Re1 c5 17. Ba4+ Bd7 18. Nxd7 Nxd7 19. Bxd7+ Qxd7 20. dxc5 Bxh2+ 21. Kxh2 0-0-0 22. Be3 Qc7+ 23. Kg1 g3 24. b4 f5 25. b5 f4 26. b6 axb6 27. cxb6 Qe5 28. Bd2 gxf2+ 29. Kxf2 Qd4+ 30. Kf1 f3 31. Be3 fxg2+ 32. Qxg2 Rdf8+ 33. Qf2 Rxf2+ 34. Kxf2 Qb2+ 35. Kf3 Qg2+ 36. Kf4 Rg4+ 37. Ke5 Re4+ 38. Kf6 Qg6+ 39. Ke7 Qg7+ 40. Kd6 Qf8# 0-1

[Event "GER-ch Seniors 22nd"]
[Site "Berlin"]
[Date "2010.08.20"]
[Round "5"]
[White "Franke, Helmut"]
[Black "Wulf, Adalbert"]
[Result "1/2-1/2"]
[WhiteElo "1622"]
[BlackElo "1805"]
[PlyCount "58"]
[EventDate "2010.08.16"]
[EventType "swiss"]
[EventRounds "9"]
[EventCountry "GER"]
[SourceTitle "CBM 138 Extra"]
[Source "ChessBase"]
[SourceDate "2010.10.29"]
[SourceVersion "1"]
[SourceVersionDate "2010.10.29"]
[SourceQuality "1"]

1. c4 Nf6 2. Nc3 d6 3. g3 g6 4. Bg2 Bg7 5. d3 c6 6. Nf3 Nbd7 7. Bd2 0-0 8. Qc1 Re8 9. Bg5 Qa5 10. Qd2 Qc7 11. 0-0 Rb8 12. a4 b6 13. Rab1 Bb7 14. b4 a6 15. Rfc1 Rbc8 16. Bh6 Nf8 17. Bxg7 Kxg7 18. Nh4 h6 19. Bh3 Rcd8 20. a5 N8d7 21. Bg2 Rb8 22. axb6 Qd8 23. Na4 e5 24. c5 d5 25. e4 dxe4 26. dxe4 Nf8 27. Rd1 Ne6 28. Nb2 Qe7 29. Nc4 Red8 1/2-1/2

[Event "Leipzig VfB op 15th"]
[Site "Leipzig"]
[Date "2008.03.01"]
[Round "7"]
[White "Franke, Helmut"]
[Black "Konya, Attila Sr"]
[Result "1/2-1/2"]
[WhiteElo "1900"]
[BlackElo "1696"]
[PlyCount "66"]
[EventDate "2008.02.26"]
[EventType "swiss"]
[EventRounds "9"]
[EventCountry "GER"]
[SourceTitle "CBM 123 Extra"]
[Source "ChessBase"]
[SourceDate "2008.05.06"]
[SourceVersion "1"]
[SourceVersionDate "2008.05.06"]
[SourceQuality "1"]

1. e4 c5 2. c4 Nc6 3. Nc3 g6 4. Nge2 Bg7 5. h3 e6 6. d3 Nge7 7. Be3 d6 8. Qd2 Nd4 9. Rc1 Qa5 10. b4 Qxb4 11. Rb1 Qa5 12. Bxd4 cxd4 13. Nb5 Qxd2+ 14. Kxd2 Kd7 15. Nbxd4 Nc6 16. Nf3 h6 17. g3 b6 18. Bg2 Bb7 19. Rhd1 Na5 20. Ke1 Rac8 21. Nfd4 Nc6 22. Nb3 Nb4 23. Rd2 Ke7 24. a3 Nc6 25. f4 f5 26. Kf2 fxe4 27. Bxe4 g5 28. Kg2 Rc7 29. Bf3 Nd8 30. Bxb7 Nxb7 31. fxg5 hxg5 32. Re1 Nc5 33. Nbd4 Rf8 1/2-1/2

[Event "Leipzig VfB op 15th"]
[Site "Leipzig"]
[Date "2008.03.01"]
[Round "8"]
[White "Schroeder, Daniel"]
[Black "Franke, Helmut"]
[Result "1-0"]
[WhiteElo "1772"]
[BlackElo "1900"]
[PlyCount "55"]
[EventDate "2008.02.26"]
[EventType "swiss"]
[EventRounds "9"]
[EventCountry "GER"]
[SourceTitle "CBM 123 Extra"]
[Source "ChessBase"]
[SourceDate "2008.05.06"]
[SourceVersion "1"]
[SourceVersionDate "2008.05.06"]
[SourceQuality "1"]

1. e4 e6 2. d4 d5 3. Nd2 Nf6 4. e5 Nfd7 5. Bd3 c5 6. c3 Nc6 7. Ne2 Qb6 8. Nf3 Be7 9. 0-0 f6 10. exf6 Nxf6 11. Re1 cxd4 12. cxd4 Bd6 13. Bf4 Nd8 14. Rc1 Bd7 15. Bb1 Rc8 16. Bxd6 Qxd6 17. Ne5 Rxc1 18. Qxc1 0-0 19. Nc3 Nc6 20. Qd2 a6 21. Re3 b5 22. a3 Bc8 23. Qd3 b4 24. Nxc6 bxc3 25. Qxc3 Ng4 26. Rh3 g6 27. f3 Bb7 28. Na5 1-0

[Event "Leipzig VfB op 13th"]
[Site "Leipzig"]
[Date "2006.03.15"]
[Round "2"]
[White "Franke, Helmut"]
[Black "Rayner, Francis"]
[Result "0-1"]
[WhiteElo "2019"]
[BlackElo "2212"]
[PlyCount "60"]
[EventDate "2006.03.14"]
[EventType "swiss"]
[EventRounds "9"]
[EventCountry "GER"]
[SourceTitle "EXT 2008"]
[Source "ChessBase"]
[SourceDate "2007.11.25"]
[SourceVersion "1"]
[SourceVersionDate "2007.11.25"]
[SourceQuality "1"]

1. f4 d5 2. e3 Nf6 3. b3 d4 4. Be2 c5 5. Nf3 Nc6 6. 0-0 g6 7. Bb2 a6 8. a4 Bg7 9. Na3 0-0 10. Qe1 Nd5 11. Bc4 Qd6 12. Bxd5 Qxd5 13. e4 Qd8 14. d3 Rb8 15. Bc1 e6 16. Nc4 b5 17. Nce5 Nb4 18. Qf2 f6 19. c3 dxc3 20. Qxc5 Nxd3 21. Nxd3 Qxd3 22. e5 Bb7 23. Ba3 Rfc8 24. Qe7 Re8 25. Qc7 Bxf3 26. Rxf3 Qd4+ 27. Kf1 b4 28. Bc1 c2 29. exf6 Bxf6 30. Rh3 Bg7 0-1

[Event "Wch Seniors 14th"]
[Site "Halle"]
[Date "2004.11.04"]
[Round "10"]
[White "Ousatchi, Mark"]
[Black "Franke, Helmut"]
[Result "1-0"]
[WhiteElo "2139"]
[BlackElo "2054"]
[PlyCount "105"]
[EventDate "2004.10.24"]
[EventType "swiss"]
[EventRounds "11"]
[EventCountry "GER"]
[SourceTitle "EXT 2005"]
[Source "ChessBase"]
[SourceDate "2004.11.15"]
[SourceVersion "1"]
[SourceVersionDate "2004.11.15"]
[SourceQuality "1"]

1. d4 Nf6 2. c4 e5 3. dxe5 Ng4 4. e4 Nxe5 5. f4 Ng6 6. Nf3 Bb4+ 7. Nc3 Qe7 8. Bd3 Bxc3+ 9. bxc3 d6 10. 0-0 0-0 11. Nd4 c6 12. Rb1 Rd8 13. Qh5 f6 14. Bd2 Nf8 15. Rbe1 c5 16. Nf3 Qf7 17. Qh4 Ng6 18. Qf2 Nf8 19. Be3 Nc6 20. Kh1 Be6 21. Nd2 a6 22. Rb1 Rab8 23. Qe2 Qc7 24. Qd1 Na5 25. Qc2 Nc6 26. Rf3 Na7 27. Rff1 b5 28. Rb2 bxc4 29. Bxc4 Rxb2 30. Qxb2 Bxc4 31. Nxc4 Rb8 32. Qd2 Rd8 33. Qd5+ Qf7 34. Rd1 Qxd5 35. Rxd5 Nb5 36. Bd2 Rb8 37. Kg1 Ng6 38. a4 Ne7 39. Rd3 Na7 40. Rxd6 Rb1+ 41. Kf2 Nac6 42. e5 Ra1 43. exf6 gxf6 44. Rxf6 Rxa4 45. Ne5 Nxe5 46. fxe5 Ra2 47. Ke1 a5 48. Bh6 Ng6 49. e6 Ra4 50. Kd2 Re4 51. Kc2 Re1 52. Kb3 Rb1+ 53. Ka4 1-0

[Event "Leipzig VfB op 11th"]
[Site "Leipzig"]
[Date "2004.03.17"]
[Round "3"]
[White "Franke, Helmut"]
[Black "Rudolph, Juergen"]
[Result "1-0"]
[WhiteElo "2077"]
[BlackElo "1664"]
[PlyCount "67"]
[EventDate "2004.03.16"]
[EventType "swiss"]
[EventRounds "9"]
[EventCountry "GER"]
[SourceTitle "EXT 2007"]
[Source "ChessBase"]
[SourceDate "2006.11.23"]
[SourceVersion "1"]
[SourceVersionDate "2006.11.23"]
[SourceQuality "1"]

1. e4 e6 2. c4 b6 3. d3 Bb7 4. Nc3 c5 5. Nge2 Nc6 6. h3 Nf6 7. g4 h6 8. Ng3 d5 9. cxd5 exd5 10. Bg2 dxe4 11. Ncxe4 Nxe4 12. Bxe4 Qc7 13. 0-0 Bd6 14. Nf5 0-0-0 15. Bd2 Be5 16. Rb1 g6 17. Ne3 Nd4 18. Bxb7+ Qxb7 19. f4 Bc7 20. b4 Ne6 21. Bc3 Nxf4 22. Rxf4 Bxf4 23. Ng2 Bd6 24. Bxh8 Rxh8 25. Rc1 Kb8 26. Qf1 cxb4 27. Qf6 Bc5+ 28. Rxc5 bxc5 29. Qxh8+ Kc7 30. Qe5+ Kb6 31. Kf2 a5 32. Ne3 Kb5 33. Nc4 Qa7 34. Qe8+ 1-0